Music Quiz

Random Music or Song Quiz

Clint Felts Lyrics Quiz Stats

 Plays Quiz not verified by Sporcle

Challenge
Share
Tweet
Embed
Score 0/13 Timer 02:00
0 Plays Today
Lyric Song % Correct
How did things come so easily?Sixteen
85.2%
I picked up my guitar...Emily
85.2%
IEEEIIIIIWhat's Coming Up
77.8%
How can it be that you're the only one for meDown Here
74.1%
Here comes the throw away line...All I Need
74.1%
Looking for answers, but you can't seeSnooze
74.1%
I've been thinking bout our lives and everything we hadOrigins
70.4%
This is how we must surviveThe Fire
66.7%
And he remembers what he's fighting forAlone
63%
BONUS: 33A.D.D.
59.3%
Is this all?Blind
55.6%
You and I we were so young.Tomorrow
48.1%
Wind blows and it rips the sails as we're heading for the shoreYour Last Song
44.4%

You're not logged in!

Compare scores with friends on all Sporcle quizzes.
Join for Free
OR
Log In

You Might Also Like...

Show Comments

Extras

Created Sep 23, 2010ReportFavoriteNominate
Tags:Song Quiz, clint, felt, simple

Top Quizzes Today


Score Distribution

Your Account Isn't Verified!

In order to create a playlist on Sporcle, you need to verify the email address you used during registration. Go to your Sporcle Settings to finish the process.

Report this User

Report this user for behavior that violates our Community Guidelines.

Details: